[Event "Civil Service Ch 20th"]
[Site "Leeds"]
[Date "2010.07.22"]
[Round "4.1"]
[White "Wager, John D"]
[Black "Pendlebury, Ian G"]
[Result "1-0"]
[WhiteElo "2146"]
[BlackElo "2042"]
[PlyCount "65"]
[EventDate "2010.07.21"]
[EventType "swiss"]
[EventRounds "5"]
[EventCountry "ENG"]
[SourceTitle "BritBase"]
[Source "John Saunders"]
[SourceDate "2024.12.03"]
[SourceVersion "1"]
[SourceVersionDate "2024.12.03"]
[SourceQuality "1"]

1. d4 d5 2. Nc3 Nf6 3. Bg5 Bf5 4. f3 Nbd7 5. Qd2 c6 6. g4 Bg6 7. h4 h6 8. Bf4 e6 9. e3 b5 10. Nh3 Nb6 11. h5 Bh7 12. Bd3 Nc4 13. Bxc4 bxc4 14. a3 Bd6 15. Na4 Rb8 16. O-O-O Qc7 17. Rdg1 Bxf4 18. Nxf4 Nd7 19. g5 Bf5 20. gxh6 gxh6 21. Rg7 Qb7 22. Ne2 Nf6 23. Nec3 Ke7 24. e4 dxe4 25. fxe4 Nxe4 26. Nxe4 Bxe4 27. Qf4 Bf5 28. Qh4+ Kf8 29. Qf6 Rh7 30. Rxh7 Bxh7 31. Qh8+ Ke7 32. Qxh7 Qb5 33. Rf1 1-0

[Event "Civil Service Ch 20th"]
[Site "Leeds"]
[Date "2010.07.22"]
[Round "4.3"]
[White "Brusey, Alan W"]
[Black "Harley-Yeo, Gareth"]
[Result "1-0"]
[WhiteElo "2050"]
[BlackElo "1986"]
[PlyCount "73"]
[EventDate "2010.07.21"]
[EventType "swiss"]
[EventRounds "5"]
[EventCountry "ENG"]
[SourceTitle "BritBase"]
[Source "John Saunders"]
[SourceDate "2024.12.03"]
[SourceVersion "1"]
[SourceVersionDate "2024.12.03"]
[SourceQuality "1"]

1. e4 c5 2. c3 b6 3. d4 Bb7 4. Nd2 Nf6 5. e5 Nd5 6. c4 Nc7 7. dxc5 bxc5 8. Ngf3 Nc6 9. Bd3 g6 10. O-O Bg7 11. Re1 O-O 12. Nb3 Ne6 13. Bd2 Qc7 14. Bc3 a5 15. a4 Rfd8 16. Nbd2 Ned4 17. Be4 Rab8 18. Bxc6 Nxf3+ 19. Bxf3 Ba6 20. Qc2 e6 21. Rad1 h5 22. b3 Kf8 23. Nb1 Ke7 24. Qd2 Rb4 25. Qg5+ Kf8 26. Bxb4 axb4 27. Rd6 Bc8 28. Nd2 Kg8 29. Ne4 Kh8 30. Nf6 Bf8 31. Bxh5 Kg7 32. Ng4 Kh7 33. Rd3 d5 34. Rh3 Kg8 35. Nf6+ Kg7 36. Bxg6 fxg6 37. Rh7# 1-0

[Event "Civil Service Ch 20th"]
[Site "Leeds"]
[Date "2010.07.22"]
[Round "4.4"]
[White "Maxwell, Alistair"]
[Black "Brocklehurst, Andrew"]
[Result "1-0"]
[WhiteElo "2066"]
[BlackElo "2122"]
[PlyCount "97"]
[EventDate "2010.07.21"]
[EventType "swiss"]
[EventRounds "5"]
[EventCountry "ENG"]
[SourceTitle "BritBase"]
[Source "John Saunders"]
[SourceDate "2024.12.03"]
[SourceVersion "1"]
[SourceVersionDate "2024.12.03"]
[SourceQuality "1"]

1. e4 c5 2. Nf3 Nc6 3. Bb5 d6 4. O-O Bd7 5. c3 e6 6. d4 Nf6 7. Re1 Be7 8. d5 Ne5 9. Bxd7+ Qxd7 10. Nxe5 dxe5 11. c4 O-O 12. Nc3 exd5 13. exd5 Rae8 14. Bg5 h6 15. Bxf6 Bxf6 16. Ne4 Bg5 17. Nxc5 Qc8 18. Ne4 Rd8 19. Nxg5 hxg5 20. Rc1 Rde8 21. Qd2 Qd8 22. c5 f5 23. d6 f4 24. Qd5+ Rf7 25. Rxe5 g4 26. Rce1 Rxe5 27. Qxe5 Kf8 28. Re4 f3 29. Rxg4 fxg2 30. Rf4 Rxf4 31. Qxf4+ Kg8 32. Qf5 Qa5 33. d7 Qd2 34. Kxg2 a5 35. b3 Qd1 36. a3 Qd2 37. b4 axb4 38. axb4 Qd4 39. b5 Qd2 40. c6 bxc6 41. bxc6 Qd6 42. c7 Qc6+ 43. f3 Qxc7 44. Qd5+ Kh7 45. d8=Q Qc2+ 46. Qd2 Qg6+ 47. Q8g5 Qb6 48. Qh5+ Kg8 49. Qdd5+ 1-0

[Event "Civil Service Ch 20th"]
[Site "Leeds"]
[Date "2010.07.22"]
[Round "4.5"]
[White "Greenacre, Kevin"]
[Black "Thurlow, Kevin J"]
[Result "0-1"]
[WhiteElo "1954"]
[BlackElo "2122"]
[PlyCount "56"]
[EventDate "2010.07.21"]
[EventType "swiss"]
[EventRounds "5"]
[EventCountry "ENG"]
[SourceTitle "BritBase"]
[Source "John Saunders"]
[SourceDate "2024.12.03"]
[SourceVersion "1"]
[SourceVersionDate "2024.12.03"]
[SourceQuality "1"]

1. e4 c5 2. c3 g6 3. d4 cxd4 4. cxd4 d5 5. e5 Bg7 6. Nc3 a6 7. Bd3 Nc6 8. Nge2 f6 9. f4 Nh6 10. O-O O-O 11. Qb3 e6 12. Bd2 b5 13. h3 Bb7 14. Rac1 Na5 15. Qd1 Nc4 16. Rc2 Nxd2 17. Qxd2 fxe5 18. fxe5 Rxf1+ 19. Kxf1 Qh4 20. Kg1 Rf8 21. Nd1 Rf7 22. Qa5 b4 23. Qxb4 $6 Bxe5 24. a3 Bb8 25. Bxa6 Ng4 26. g3 Qxh3 27. Nf4 Qxg3+ 28. Rg2 Qxf4 {This game was awarded the Best Game Prize.} 0-1

[Event "Civil Service Ch 20th"]
[Site "Leeds"]
[Date "2010.07.22"]
[Round "4.6"]
[White "Taylor, Wilfrid RP"]
[Black "Nisbet, Alex Ian"]
[Result "0-1"]
[WhiteElo "1826"]
[BlackElo "1994"]
[PlyCount "62"]
[EventDate "2010.07.21"]
[EventType "swiss"]
[EventRounds "5"]
[EventCountry "ENG"]
[SourceTitle "BritBase"]
[Source "John Saunders"]
[SourceDate "2024.12.03"]
[SourceVersion "1"]
[SourceVersionDate "2024.12.03"]
[SourceQuality "1"]

1. e4 d5 2. exd5 Nf6 3. Nf3 Nxd5 4. d4 g6 5. c4 Nb6 6. Nc3 Bg7 7. Be2 O-O 8. Be3 Nc6 9. h3 e5 10. dxe5 Nxe5 11. Nxe5 Bxe5 12. O-O Be6 13. Bxb6 axb6 14. Qc1 Qh4 15. Qe3 Bd4 16. Qf3 Ra5 17. Rfd1 Rf5 18. Rxd4 Qxd4 19. Qg3 Bxc4 20. Bg4 Re5 21. Rd1 Qc5 22. Bf3 Rfe8 23. Bxb7 b5 24. Qf3 Qe7 25. Bd5 Bxd5 26. Nxd5 Re1+ 27. Kh2 Qe5+ 28. g3 Rxd1 29. Nf6+ Kf8 30. Nxe8 Qe1 31. h4 Kxe8 0-1

[Event "Civil Service Ch 20th"]
[Site "Leeds"]
[Date "2010.07.22"]
[Round "4.7"]
[White "Evans, James"]
[Black "Ward, Stephen"]
[Result "1-0"]
[WhiteElo "1618"]
[BlackElo "758"]
[PlyCount "129"]
[EventDate "2010.07.21"]
[EventType "swiss"]
[EventRounds "5"]
[EventCountry "ENG"]
[SourceTitle "BritBase"]
[Source "John Saunders"]
[SourceDate "2024.12.03"]
[SourceVersion "1"]
[SourceVersionDate "2024.12.03"]
[SourceQuality "1"]

1. e4 e5 2. Nf3 Nc6 3. Bb5 a6 4. Ba4 b5 5. Bb3 Nf6 6. d4 exd4 7. O-O Na5 8. e5 Ne4 9. Bd5 Bb7 10. Bxb7 Nxb7 11. Qxd4 Nec5 12. Nc3 Ne6 13. Qd1 d6 14. Re1 Be7 15. Nd5 O-O 16. b3 c6 17. Nxe7+ Qxe7 18. Bb2 Rad8 19. Qe2 Nbc5 20. Rad1 d5 21. Ba3 a5 22. Nd4 Nxd4 23. Rxd4 b4 24. Bb2 Rfe8 25. Rdd1 Nd7 26. Qg4 f6 27. Re3 fxe5 28. Rde1 d4 29. Bxd4 Nf6 30. Qg3 Rxd4 31. Kf1 Rd5 32. c4 bxc3 33. Rxc3 Rd4 34. Rxc6 Qd7 35. Rxf6 Rd5 36. Rf3 Rd1 37. Rfe3 Rxe1+ 38. Rxe1 e4 39. Qe3 Kf8 40. Qc5+ Kg8 41. Qxa5 Qd3+ 42. Kg1 e3 43. Qc5 Qd2 44. Qc4+ Kh8 45. Rxe3 Rg8 46. Qe2 Qc1+ 47. Qe1 Qc2 48. Re2 Qc8 49. h3 Qf5 50. Re8 h6 51. Rxg8+ Kxg8 52. Qb4 Kf7 53. a4 Qb1+ 54. Kh2 Qb2 55. Qf4+ Kg8 56. b4 Qa3 57. b5 Qc5 58. Qb8+ Kf7 59. b6 Qb4 60. b7 Ke6 61. Qe8+ Kd5 62. Qb5+ Qxb5 63. axb5 Kc5 64. b8=Q Kb4 65. b6 1-0

[Event "Civil Service Ch 20th"]
[Site "Leeds"]
[Date "2010.07.23"]
[Round "5.1"]
[White "Wager, John D"]
[Black "Brusey, Alan W"]
[Result "1-0"]
[WhiteElo "2146"]
[BlackElo "2050"]
[PlyCount "55"]
[EventDate "2010.07.21"]
[EventType "swiss"]
[EventRounds "5"]
[EventCountry "ENG"]
[SourceTitle "BritBase"]
[Source "John Saunders"]
[SourceDate "2024.12.03"]
[SourceVersion "1"]
[SourceVersionDate "2024.12.03"]
[SourceQuality "1"]

1. d4 d5 2. Nc3 c5 3. dxc5 d4 4. Ne4 f5 5. Nd2 Qa5 6. a3 Na6 7. Ngf3 e5 8. b4 Nxb4 9. Nxe5 Qxc5 10. axb4 Qxe5 11. Ba3 Qc7 12. g3 Qc6 13. Rg1 Qc3 14. Bg2 a5 15. Qb1 Nf6 16. Bb2 Qxb4 17. Qa2 Ne4 18. Bxe4 fxe4 19. O-O-O e3 20. fxe3 dxe3 21. Nf3 Qe7 22. Ne5 a4 23. Rd5 a3 24. Ba1 Be6 25. Rgd1 Qb4 26. Rd8+ Rxd8 27. Qxe6+ Be7 28. Qf7# 1-0

[Event "Civil Service Ch 20th"]
[Site "Leeds"]
[Date "2010.07.23"]
[Round "5.2"]
[White "Lewyk, Ihor"]
[Black "Maxwell, Alistair"]
[Result "1/2-1/2"]
[WhiteElo "2066"]
[BlackElo "2066"]
[PlyCount "23"]
[EventDate "2010.07.21"]
[EventType "swiss"]
[EventRounds "5"]
[EventCountry "ENG"]
[SourceTitle "BritBase"]
[Source "John Saunders"]
[SourceDate "2024.12.03"]
[SourceVersion "1"]
[SourceVersionDate "2024.12.03"]
[SourceQuality "1"]

1. Nf3 Nf6 2. c4 g6 3. Nc3 Bg7 4. g3 O-O 5. Bg2 d6 6. O-O e5 7. d3 Nc6 8. e4 Nd7 9. Bg5 f6 10. Be3 Nc5 11. Nd5 Bg4 12. b4 1/2-1/2

[Event "Civil Service Ch 20th"]
[Site "Leeds"]
[Date "2010.07.23"]
[Round "5.3"]
[White "Thurlow, Kevin J"]
[Black "Archer, Richard P"]
[Result "1/2-1/2"]
[WhiteElo "2122"]
[BlackElo "2050"]
[PlyCount "46"]
[EventDate "2010.07.21"]
[EventType "swiss"]
[EventRounds "5"]
[EventCountry "ENG"]
[SourceTitle "BritBase"]
[Source "John Saunders"]
[SourceDate "2024.12.03"]
[SourceVersion "1"]
[SourceVersionDate "2024.12.03"]
[SourceQuality "1"]

1. c4 Nf6 2. Nc3 d5 3. cxd5 Nxd5 4. d4 g6 5. e4 Nxc3 6. bxc3 Bg7 7. Bc4 O-O 8. Ne2 c5 9. Be3 cxd4 10. cxd4 e6 11. O-O Nd7 12. Rc1 Nf6 13. f3 a6 14. Qd2 b5 15. Bd3 Bb7 16. g4 Qd7 17. Bg5 Rac8 18. Qf4 Ne8 19. Qe3 Nd6 20. e5 Nc4 21. Bxc4 Rxc4 22. Rxc4 bxc4 23. Bf6 Rc8 1/2-1/2

[Event "Civil Service Ch 20th"]
[Site "Leeds"]
[Date "2010.07.23"]
[Round "5.4"]
[White "Pendlebury, Ian G"]
[Black "Greenacre, Kevin"]
[Result "1/2-1/2"]
[WhiteElo "2042"]
[BlackElo "1954"]
[PlyCount "37"]
[EventDate "2010.07.21"]
[EventType "swiss"]
[EventRounds "5"]
[EventCountry "ENG"]
[SourceTitle "BritBase"]
[Source "John Saunders"]
[SourceDate "2024.12.03"]
[SourceVersion "1"]
[SourceVersionDate "2024.12.03"]
[SourceQuality "1"]

1. d4 e6 2. Nf3 d5 3. e3 Nf6 4. c4 c5 5. cxd5 exd5 6. Bb5+ Bd7 7. Bxd7+ Nbxd7 8. O-O Be7 9. b3 O-O 10. Bb2 Re8 11. Nc3 cxd4 12. Nxd4 Nc5 13. Nce2 Bd6 14. Nf3 Nce4 15. Ng3 Bc5 16. Bd4 Nxg3 17. hxg3 Ne4 18. Rc1 b6 19. Qe2 1/2-1/2

[Event "Civil Service Ch 20th"]
[Site "Leeds"]
[Date "2010.07.23"]
[Round "5.5"]
[White "Ward, Stephen"]
[Black "Harley-Yeo, Gareth"]
[Result "0-1"]
[WhiteElo "758"]
[BlackElo "1986"]
[PlyCount "64"]
[EventDate "2010.07.21"]
[EventType "swiss"]
[EventRounds "5"]
[EventCountry "ENG"]
[SourceTitle "BritBase"]
[Source "John Saunders"]
[SourceDate "2024.12.03"]
[SourceVersion "1"]
[SourceVersionDate "2024.12.03"]
[SourceQuality "1"]

1. e4 c5 2. Nf3 e6 3. d4 cxd4 4. Nxd4 Nc6 5. c3 Nf6 6. Bg5 Nxd4 7. cxd4 Qa5+ 8. Nc3 Qxg5 9. g3 Bb4 10. Bg2 h5 11. h4 Qa5 12. Qc2 d5 13. f3 dxe4 14. fxe4 Ng4 15. Qd3 Bd7 16. Qf3 Rh6 17. e5 Bc6 18. Qe2 Bxc3+ 19. bxc3 Qxc3+ 20. Kd1 Qxa1+ 21. Kd2 Qxa2+ 22. Ke1 Qa5+ 23. Kd1 Ba4+ 24. Kc1 Rc8+ 25. Kb1 Qb4+ 26. Ka1 Qxd4+ 27. Kb1 Bc2+ 28. Ka2 Qa4+ 29. Kb2 Qb3+ 30. Kc1 Qb1+ 31. Kd2 Rd8+ 32. Kc3 Qb3# 0-1

[Event "Civil Service Ch 20th"]
[Site "Leeds"]
[Date "2010.07.23"]
[Round "5.6"]
[White "Brocklehurst, Andrew"]
[Black "Taylor, Wilfrid RP"]
[Result "1/2-1/2"]
[WhiteElo "2122"]
[BlackElo "1826"]
[PlyCount "129"]
[EventDate "2010.07.21"]
[EventType "swiss"]
[EventRounds "5"]
[EventCountry "ENG"]
[SourceTitle "BritBase"]
[Source "John Saunders"]
[SourceDate "2024.12.03"]
[SourceVersion "1"]
[SourceVersionDate "2024.12.03"]
[SourceQuality "1"]

1. e4 e5 2. Nf3 Nf6 3. Nxe5 d6 4. Nf3 Nxe4 5. Qe2 Qe7 6. d3 Nf6 7. Nc3 c6 8. Bg5 Qxe2+ 9. Bxe2 Be7 10. O-O Be6 11. Rfe1 O-O 12. Ne4 Nbd7 13. h3 d5 14. Nxf6+ Bxf6 15. Bxf6 Nxf6 16. Nd4 Bd7 17. f4 c5 18. Nf3 Rae8 19. Ne5 Bc8 20. Bf3 d4 21. Kf2 Rd8 22. Re2 Nd5 23. Bxd5 Rxd5 24. Rae1 Re8 25. Ng6 Rxe2+ 26. Rxe2 Rd8 27. Ne7+ Kf8 28. Nxc8 Rxc8 29. Kf3 Re8 30. Rxe8+ Kxe8 31. Ke4 Kd7 32. Kd5 b6 33. g4 h6 34. h4 a6 35. f5 Kc7 36. a4 a5 37. c3 dxc3 38. bxc3 Kd7 39. g5 hxg5 40. hxg5 Kc7 41. g6 fxg6 42. fxg6 b5 43. axb5 a4 44. Kc4 Kb6 45. d4 cxd4 46. cxd4 a3 47. Kb3 Kxb5 48. Kxa3 Kc4 49. Kb2 Kxd4 50. Kc2 Ke4 51. Kd2 Kf5 52. Ke3 Kxg6 53. Kf4 Kh5 54. Kg3 g6 55. Kh3 Kh6 56. Kh4 g5+ 57. Kg4 Kg6 58. Kg3 Kh5 59. Kh3 g4+ 60. Kg3 Kg5 61. Kg2 Kh4 62. Kh2 g3+ 63. Kg2 Kg4 64. Kg1 Kh3 65. Kh1 1/2-1/2

[Event "Civil Service Ch 20th"]
[Site "Leeds"]
[Date "2010.07.23"]
[Round "5.7"]
[White "Nisbet, Alex Ian"]
[Black "Evans, James"]
[Result "1/2-1/2"]
[WhiteElo "1994"]
[BlackElo "1618"]
[PlyCount "59"]
[EventDate "2010.07.21"]
[EventType "swiss"]
[EventRounds "5"]
[EventCountry "ENG"]
[SourceTitle "BritBase"]
[Source "John Saunders"]
[SourceDate "2024.12.03"]
[SourceVersion "1"]
[SourceVersionDate "2024.12.03"]
[SourceQuality "1"]

1. d4 Nf6 2. Bf4 g6 3. e3 Bg7 4. Nf3 O-O 5. Bd3 d6 6. h3 Nbd7 7. Nc3 Re8 8. e4 e5 9. dxe5 Nxe5 10. Nxe5 dxe5 11. Bg5 c6 12. O-O Qc7 13. Qe2 Nd7 14. Rfd1 Nf8 15. Bc4 Be6 16. Rd2 Bxc4 17. Qxc4 Ne6 18. Bh4 g5 19. Bg3 Rad8 20. Rad1 Rxd2 21. Rxd2 Rd8 22. Rxd8+ Qxd8 23. Qe2 Qd4 24. Kf1 Bf8 25. Nd1 Bc5 26. c3 Qd6 27. Ke1 Nf4 28. Bxf4 exf4 29. Qd2 Kf8 30. Qxd6+ 1/2-1/2